000 00372 a2200133 4500
082 _a530.15
090 _c6154
_d6154
100 _aProf.syed Hooren-al-Rished Najmi.
245 _aPractical Physics.
_cProf.Syed Hooren-al-Rished Najmi.
260 _aKarachi.
_bFederal Urdu University.
_c2008.
300 _a186p.
500 _aPaper cover.
942 _aNBS
_cBK
_k530.15 NAJ
999 _c348531
_d348531